Admirable Admirals (Pics) Quiz Stats

 Plays Quiz not verified by Sporcle

Challenge
Share
Tweet
Score 0/20 Timer 06:00
0 Plays Today
No. Movie/Show % Correct
9.Return of the Jedi
68.2%
15.The Dictator
68.2%
12.Pirates of the Caribbean
59.1%
16.The Empire Strikes Back
59.1%
6.Battleship
54.5%
11.Pearl Harbor
50%
1.Tora Tora Tora
45.5%
4.Battlestar Galactica
40.9%
7.Hot Shots
40.9%
8.Midway
40.9%
No. Movie/Show % Correct
17.Star Trek: The Next Generation
40.9%
2.The Hunt for Red October
31.8%
14.J.A.G.
27.3%
18.Behind Enemy Lines
22.7%
3.Under Siege
18.2%
5.Down Periscope
18.2%
10.Quantum Leap
18.2%
20.Yours Mine Ours
18.2%
19.Voyage to the Bottom of the Sea
13.6%
13.SeaQuest DSV
9.1%

You're not logged in!

Compare scores with friends on all Sporcle quizzes.
Join for Free
OR
Log In

You Might Also Like...

Show Comments

Extras

Created Jan 26, 2013ReportNominate
Tags:Show Quiz, admiral, featuring

Top Quizzes Today


Score Distribution

Your Account Isn't Verified!

In order to create a playlist on Sporcle, you need to verify the email address you used during registration. Go to your Sporcle Settings to finish the process.

Report this User

Report this user for behavior that violates our Community Guidelines.

Details: